A false dawn? (Record no. 70828)
[ view plain ]
| 000 -LEADER | |
|---|---|
| fixed length control field | 01585cam a2200241 4500 |
| 001 - CONTROL NUMBER | |
| control field | ABS65675 |
| 008 - FIXED-LENGTH DATA ELEMENTS--GENERAL INFORMATION | |
| fixed length control field | 020726n2002 000 0 eng u |
| 035 ## - SYSTEM CONTROL NUMBER | |
| System control number | (Sirsi) u119062 |
| 100 ## - MAIN ENTRY--PERSONAL NAME | |
| Personal name | Leask, E |
| 245 #2 - TITLE STATEMENT | |
| Title | A false dawn? |
| 260 ## - PUBLICATION, DISTRIBUTION, ETC. | |
| Date of publication, distribution, etc. | 2002 |
| 490 ## - SERIES STATEMENT | |
| Series statement | Building Services Journal |
| Volume/sequential designation | July 2002, 21(1) |
| 520 ## - SUMMARY, ETC. | |
| Summary, etc. | Looks at the Contracts (Right of Third Parties) Act 1999 and considers why the construction industry has largely ignored it. The Act was introduced to eliminate the need for warranty agreements, saving the industry both time and expense. Suggests that the Act has not been embraced for a number of reasons: almost all standard forms of contract automatically exclude the operation of the Act; warranty agreements have become a familiar part of construction contracts and there are now less areas of conflict; beneficiaries of warranty agreements gain reassurance from having their own document; there is no evidence that rights acquired under the Act would be any different to those under a warranty agreement; certain provisions of warranty agreements are generally accepted; and variations under the Act are more complicated. Concludes that a combination of these factors has prompted the continuing use of warranty agreements. |
| 590 ## - LOCAL NOTE (RLIN) | |
| Local note | ABS |
| 650 ## - SUBJECT ADDED ENTRY--TOPICAL TERM | |
| Topical term or geographic name entry element | THIRD PARTY RIGHTS |
| 650 ## - SUBJECT ADDED ENTRY--TOPICAL TERM | |
| Topical term or geographic name entry element | WARRANTY AGREEMENTS |
| 650 ## - SUBJECT ADDED ENTRY--TOPICAL TERM | |
| Topical term or geographic name entry element | CONTRACTS (RIGHTS OF THIRD PARTIES) ACT 1999 |
| 650 ## - SUBJECT ADDED ENTRY--TOPICAL TERM | |
| Topical term or geographic name entry element | CONSTRUCTION INDUSTRY |
| 650 ## - SUBJECT ADDED ENTRY--TOPICAL TERM | |
| Topical term or geographic name entry element | BENEFICIARIES |
| 650 ## - SUBJECT ADDED ENTRY--TOPICAL TERM | |
| Topical term or geographic name entry element | STANDARD FORM OF CONTRACT |
| 690 ## - LOCAL SUBJECT ADDED ENTRY--TOPICAL TERM (OCLC, RLIN) | |
| Topical term or geographic name as entry element | BUILT ENVIRONMENT-BUILDING CONTRACT FORMS |
| 942 ## - ADDED ENTRY ELEMENTS (KOHA) | |
| Suppress in OPAC | 0 |
| Withdrawn status | Lost status | Source of classification or shelving scheme | Damaged status | Not for loan | Home library | Current library | Shelving location | Date acquired | Total Checkouts | Full call number | Barcode | Date last seen | Copy number | Price effective from | Koha item type |
|---|---|---|---|---|---|---|---|---|---|---|---|---|---|---|---|
| Dewey Decimal Classification | London | London | Journal article | 26/07/2002 | ABS65675 | 119062-1001 | 06/08/2019 | 1 | 06/08/2019 | Journal article |